| Tag |
First Indicator |
Second Indicator |
Subfields |
| LEADER |
00000nam a2200000 4500 |
| 001 |
in00004190332 |
| 005 |
20200806081140.0 |
| 006 |
m g d |
| 007 |
cr bn |||a|bb| |
| 008 |
850520s1681 enk o o00 eng d |
| 035 |
|
|
|a (UnM)99884877
|
| 037 |
|
|
|a CL2105000002
|b ProQuest Information and Learning. 300 N. Zeeb Rd., Ann Arbor, MI 48106
|
| 040 |
|
|
|a Cu-RivES
|c Cu-RivES
|d CStRLIN
|d Cu-RivES
|e dcrb
|
| 043 |
|
|
|a e-uk-st
|
| 045 |
0 |
|
|b d1681
|
| 110 |
1 |
|
|a Scotland.
|
| 240 |
1 |
0 |
|a Laws, etc.
|
| 245 |
1 |
4 |
|a The copy of an act of Parliament passed in Scotland the 29th of August 1681, :
|b for security of the Protestant religion against papists and phanaticks: together with the oath to be taken by all persons in publick trusts..
|
| 260 |
|
|
|a London, :
|b Printed for Randal Taylor.,
|c 1681..
|
| 300 |
|
|
|a 1 online resource (4 pages)
|
| 336 |
|
|
|a text
|b txt
|2 rdacontent
|
| 337 |
|
|
|a computer
|b c
|2 rdamedia
|
| 338 |
|
|
|a online resource
|b cr
|2 rdacarrier
|
| 500 |
|
|
|a Caption title.
|
| 500 |
|
|
|a Imprint from colophon.
|
| 500 |
|
|
|a Error in paging: page 3 misnumbered page 4.
|
| 500 |
|
|
|a Imperfect: print show-through affecting text.
|
| 500 |
|
|
|a Reproductions of originals in Bodleian Library (reel C29:1[57]) and British Library (reel F2:2).
|
| 510 |
4 |
|
|a Wing (CD-ROM, 1996)
|c S1197.
|
| 510 |
4 |
|
|a Early English books tract supplement interim guide
|c Ashm.1679[58].
|
| 510 |
4 |
|
|a Early English books tract supplement interim guide
|c T.3*.[83].
|
| 533 |
|
|
|a Electronic reproduction.
|b Ann Arbor, Mich. :
|c UMI,
|d 1999-
|f (Early English books online)
|n Digital version of: (Early English books; Tract supplement ; C29:1[57], F2:2[82])
|7 s1999 miun s
|
| 610 |
1 |
0 |
|a Scotland.
|b Parliament
|v Early works to 1800.
|
| 610 |
2 |
0 |
|a Catholic Church
|z Scotland
|v Early works to 1800.
|
| 650 |
|
0 |
|a Protestantism
|x Law and legislation
|z Scotland
|v Early works to 1800.
|
| 650 |
|
0 |
|a Oaths
|z Scotland
|v Early works to 1800.
|
| 710 |
1 |
|
|a Scotland.
|b Convention of Estates.
|
| 830 |
|
0 |
|a Early English books online.
|
| 856 |
4 |
0 |
|u http://proxy.library.tamu.edu/login?url=https://search.proquest.com/docview/2264211474
|z Connect to the full text of this electronic book
|t 0
|
| 856 |
4 |
0 |
|u http://proxy.library.tamu.edu/login?url=https://search.proquest.com/docview/2264211317
|z Connect to the full text of this electronic book
|t 0
|
| 999 |
f |
f |
|s af65d4fc-1c63-3f7a-8b1f-b835d4a8de32
|i 89dac9bf-cd21-365f-a43d-6024e68131d9
|t 0
|
| 952 |
f |
f |
|a Texas A&M University
|b College Station
|c Electronic Resources
|d Available Online
|t 0
|h No information provided
|
| 998 |
f |
f |
|t 0
|l Available Online
|